000 01196nam a22002537a 4500
005 20120112143825.0
008 120112t xxu||||| |||| 00| 0 mar d
010 _aMAR-21882
020 _c80.00
035 _aMR-14540
037 _bDBAD/PUB
040 _aDPL
_bMR
082 _a823
100 _aब्लायटन,एनिड
_939079
245 _aसीक्रेट सेव्हनची यशस्वी कामगिरी /
_cएनिड ब्लायटन ; प्रियंका कुलकर्णी द्वारा अनुवादित
246 _aSecret Sevenchi Yashasavi Kamgiri
_bby Enid Blyton
260 _aपुणे
_bमेहता पब्लिशिंग हाऊस
_c2009
270 _a1941,सदाशिव पेठ,
_bपुणे
_e411030
300 _a82पृ.
_c21सेमी(अजिल्द)
490 _aThe secret seven 6
_939839
700 _aकुलकर्णी,प्रियंका
_939769
942 _2ddc
_cMR
_mब्लायट
_h823
999 _c61276
_d61276